000 00784nam a2200277Ia 4500
003 OSt
005 20221007111856.0
006 a|||||r|||| 00| 0
007 ta
008 221006b |||||||| |||| 00| 0 eng d
020 _a9788180385056
024 _a24,465
037 _cTextual
040 _aLCO
_cLCO
_beng
041 _2eng
_aeng
082 _aZ2,2673, P9
100 _aChopra Sheetal
_9708573
245 0 _aPatent Agent Examination
_b A Book for Students and Industry Professionals
250 _a1st
260 _aHaryana
_bLexis Nexis Butterworths Wadhwa India
_c2009
300 _a1075
650 _aPATENT
700 _a Taneja Akash
_9708574
942 _hZ2,2673, P9
_cTEXL
999 _c1194028
_d1194028